000 02095cam a22004937a 4500
999 _c50420
_d50420
001 15222721
005 20200219164628.0
007 co ugu||||||||
008 080318s2008 gw a b 001 0 eng c
010 _a 2008925138
015 _aGBA823414
_2bnb
016 7 _a101481963
_2DNLM
016 7 _a014531640
_2Uk
020 _a9783540766971 (alk. paper)
020 _a3540766979 (alk. paper)
020 _a9783540766988 (eISBN)
020 _a3540766987 (eISBN)
035 _a(OCoLC)ocn212432110
040 _aNLM
_cNLM
_dUKM
_dBTCTA
_dBAKER
_dYDXCP
_dOHX
_dDLC
_dIG#
_dDLC
041 _aeng
042 _apcc
050 0 0 _aRC627.8
_b.L33 2008
060 0 0 _a2008 J-345
060 1 0 _aWD 205
_bL123 2008
080 _a579.2(036) B-64
245 0 0 _aLaboratory guide to the methods in biochemical genetics /
_c[edited by] Nenad Blau, Marinus Duran, K. Michael Gibson ; foreword by C.R. Scriver.
264 _aBerlin :
_bSpringer,
_cc2008.
300 _axxvi, 860 p. :
_bill. (some col.) ;
_c27 +
_e1 CD-ROM (4 3/4 in.)
500 _aLC copy 1 lacking CD-ROM.
_5DLC.
504 _aIncludes bibliographical references and index.
538 _aSystem requirements for accompanying CD-ROM: Pentium IV or higher, Microsoft Windows 2000 (SP 4), Windows XP Home, XP Prof. (SP2), Windows Vista Home, Home Premium, Business, Ultimate; Macintosh OS X 10.4 (PPC und Intel); Limux.
650 0 _aMetabolism, Inborn errors of
_xDiagnosis
_vLaboratory manuals.
_97169
650 0 _aBiochemical genetics
_vLaboratory manuals.
_97170
650 1 2 _aMetabolism, Inborn Errors
_xdiagnosis
_vLaboratory Manuals.
_97171
650 2 2 _aMolecular Biology
_xmethods
_vLaboratory Manuals.
_97172
653 _aბიოქიმია
653 _aგენეტიკა
700 1 _aBlau, N.
_q(Nenad),
_d1946-
_97173
700 1 _aDuran, Marinus.
_97174
700 1 _aGibson, Kenneth Michael,
_d1955-
_97175
906 _a7
_bcbc
_cpccadap
_d3
_encip
_f20
_gy-gencatlg
942 _2udc
_cBK
955 _apc17 2008-03-18
_axh00 2010-11-22
_bxh15 2011-05-26 z-processor
_ixh15 2011-05-26
_axh11 2011-06-01 (rev)